Типы бифуркации сонных артерий и особенности их диагностики. Виды хирургических реконструкций сонных артерий (Запись № 10926038)

Подробности
000 -МАРКЕР
контрольное поле 01768nam0a2200337 i 4500
001 - ИДЕНТИФИКАТОР ЗАПИСИ
контрольное поле RU\NLR\BIBL_A\011291787
005 - ИДЕНТИФИКАТОР ВЕРСИИ
контрольное поле 20260405094329.0
010 ## - МЕЖДУНАРОДНЫЙ СТАНДАРТНЫЙ НОМЕР КНИГИ (ISBN)
Номер (ISBN) 9785798203628
Тираж 150
021 ## - НОМЕР ГОСУДАРСТВЕННОЙ РЕГИСТРАЦИИ
Код страны Российская Федерация
Номер 2016-90644
Номер Листа государственной регистраци 5974
035 ## - ДРУГИЕ СИСТЕМНЫЕ НОМЕРА
Идентификатор записи (NLR Aleph) 011291787
100 ## - ДАННЫЕ ОБЩЕЙ ОБРАБОТКИ
Данные общей обработки 20161213d2016 u y0rusy50 ca
101 0# - ЯЗЫК РЕСУРСА
Язык текста, звукозаписи и т.д. русский
102 ## - СТРАНА ПУБЛИКАЦИИ ИЛИ ПРОИЗВОДСТВА
Страна публикации Российская Федерация
105 ## - ПОЛЕ КОДИРОВАННЫХ ДАННЫХ: ТЕКСТОВЫЕ МАТЕРИАЛЫ, МОНОГРАФИЧЕСКИЕ
Кодированные данные о монографическом текстовом документе a z 000zy
200 1# - ЗАГЛАВИЕ И СВЕДЕНИЯ ОБ ОТВЕТСТВЕННОСТИ
Основное заглавие Типы бифуркации сонных артерий и особенности их диагностики. Виды хирургических реконструкций сонных артерий
Первые сведения об ответственности И. И. Скопин, Н. А. Дарвиш, А. А. Малинин
Последующие сведения об ответственности Науч. центр сердечно-сосудистой хирургии им. А. Н. Бакулева МЗ РФ
210 ## - ПУБЛИКАЦИЯ, РАСПРОСТРАНЕНИЕ И ДР.
Место издания, распространения и т.д. Москва
Имя издателя, распространителя и т. д. ФГБУ "НЦССХ им. А. Н. Бакулева" МЗ РФ
Дата издания, распространения и т.д. 2016
215 ## - ФИЗИЧЕСКАЯ ХАРАКТЕРИСТИКА
Специфическое обозначение материала и объем 31, [1] c.
Другие сведения о физической характеристике ил.
Размеры 20
320 ## - ПРИМЕЧАНИЯ О НАЛИЧИИ В ДОКУМЕНТЕ БИБЛИОГРАФИИ / УКАЗАТЕЛЯ
Текст примечания Библиогр.: с. 31-32 (15 назв.)
517 1# - ДРУГИЕ ВАРИАНТЫ ЗАГЛАВИЯ
Вариант заглавия Виды хирургических реконструкций сонных артерий
606 1# - НАИМЕНОВАНИЕ ТЕМЫ КАК ПРЕДМЕТ
Наименование темы Сонные артерии
Тематический подзаголовок Атеросклероз
-- Лучевая диагностика
Системный номер авторитетной/нормативной записи 2275491
Идентификатор авторитетной/нормативной записи RU\NLR\AUTH\6601592244
606 ## - НАИМЕНОВАНИЕ ТЕМЫ КАК ПРЕДМЕТ
Наименование темы Сонные артерии
Тематический подзаголовок Стеноз
-- Хирургическое лечение
Системный номер авторитетной/нормативной записи 2471152
Идентификатор авторитетной/нормативной записи RU\NLR\AUTH\661467672
686 1# - ИНДЕКСЫ ДРУГИХ КЛАССИФИКАЦИЙ
Индекс Р627.704.1-43
686 1# - ИНДЕКСЫ ДРУГИХ КЛАССИФИКАЦИЙ
Индекс Р636.770.3-59
700 #1 - ИМЯ ЛИЦА - ПЕРВИЧНАЯ ОТВЕТСТВЕННОСТЬ
Начальный элемент ввода Скопин
Часть имени, кроме начального элемента ввода И. И.
Расширение инициалов личного имени Иван Иванович
701 #1 - ИМЯ ЛИЦА - АЛЬТЕРНАТИВНАЯ ОТВЕТСТВЕННОСТЬ
Материалы, к которым относится поле rus
Графика поля Кириллица
Начальный элемент ввода Дарвиш
Часть имени, кроме начального элемента ввода Н. А.
Расширение инициалов личного имени Нидал Ахмедович
Идентификатор авторитетной/нормативной записи RU\NLR\AUTH\7735054
Системный номер авторитетной/нормативной записи 18053
701 #1 - ИМЯ ЛИЦА - АЛЬТЕРНАТИВНАЯ ОТВЕТСТВЕННОСТЬ
Начальный элемент ввода Малинин
Часть имени, кроме начального элемента ввода А.А.
Расширение инициалов личного имени Александр Александрович
942 ## - ДОПОЛНИТЕЛЬНЫЕ ЭЛЕМЕНТЫ ЗАПИСИ (АБИС)
Тип экземпляра АБИС Книга
980 ## - КОЛЛЕКЦИЯ
Название коллекции НБР

Нет доступных экземпляров.